[Event "New Delhi Matrix Cup 4th"]
[Site "New Delhi"]
[Date "2025.01.07"]
[Round "9"]
[White "Raj, Kapoor"]
[Black "Shaon, Chowdhury"]
[Result "0-1"]
[WhiteElo "1790"]
[BlackElo "1933"]
[PlyCount "88"]
[EventDate "2025.01.03"]
[EventType "swiss"]
[EventRounds "9"]
[EventCountry "IND"]
[SourceTitle "CB03_2025"]
[SourceDate "2025.01.15"]
[SourceVersion "1"]
[SourceVersionDate "2025.01.15"]
[SourceQuality "1"]

1. d4 Nf6 2. Bf4 g6 3. Nc3 d5 4. e3 c6 5. h4 h5 6. Nf3 Bg7 7. Ne5 Nfd7 8. Qd2 Nxe5 9. Bxe5 Bxe5 10. dxe5 Qc7 11. f4 Bf5 12. Bd3 Nd7 13. 0-0-0 0-0-0 14. Ne2 e6 15. Nd4 a6 16. Bxf5 gxf5 17. Nf3 c5 18. Ng5 Nb6 19. Qa5 Rd7 20. b3 Kb8 21. c4 Qc6 22. Rd2 Rhd8 23. Rhd1 Ka7 24. cxd5 Nxd5 25. e4 fxe4 26. Nxe4 b6 27. Qa4 b5 28. Qa3 c4 29. b4 c3 30. Rd4 Nxf4 31. Rxd7+ Rxd7 32. Rxd7+ Qxd7 33. Nxc3 Nd3+ 34. Kb1 Nxe5 35. Qc1 Nc4 36. a4 Qd6 37. axb5 Qxb4+ 38. Kc2 Na3+ 39. Kd3 Qc4+ 40. Ke3 Nxb5 41. Nxb5+ axb5 42. Qa3+ Kb7 43. Qe7+ Qc7 44. Qg5 Qc1+ 0-1

[Event "New Delhi Matrix Cup 4th"]
[Site "New Delhi"]
[Date "2025.01.05"]
[Round "6"]
[White "Shaon, Chowdhury"]
[Black "Bhavya, Gupta1"]
[Result "1-0"]
[WhiteElo "1933"]
[BlackElo "1744"]
[PlyCount "87"]
[EventDate "2025.01.03"]
[EventType "swiss"]
[EventRounds "9"]
[EventCountry "IND"]
[SourceTitle "CB03_2025"]
[SourceDate "2025.01.15"]
[SourceVersion "1"]
[SourceVersionDate "2025.01.15"]
[SourceQuality "1"]

1. Nf3 Nf6 2. g3 e6 3. Bg2 d5 4. 0-0 Be7 5. d3 c5 6. Nbd2 Nc6 7. e4 0-0 8. Re1 b5 9. e5 Nd7 10. Nf1 a5 11. h4 b4 12. Bf4 Ba6 13. N1h2 Re8 14. Ng5 h6 15. Ngf3 c4 16. d4 c3 17. b3 a4 18. h5 Qb6 19. Ng4 Bf8 20. Rc1 Bb5 21. Ngh2 axb3 22. axb3 Ra2 23. Be3 Ne7 24. g4 Nb8 25. g5 Nd7 26. gxh6 gxh6 27. Nh4 Kh7 28. Qf3 Bg7 29. Qxf7 Nf8 30. Ng4 Ra7 31. Nf6+ Kh8 32. Nxe8 Nf5 33. Ng6+ Nxg6 34. Qxg6 Re7 35. Nf6 Bxf6 36. exf6 Be8 37. Qg4 Rf7 38. Bf4 Qxd4 39. Rcd1 Qb6 40. Be5 Kh7 41. Qg6+ Kh8 42. Bh3 Nh4 43. Qxh6+ Kg8 44. Rd3 1-0